书目信息 |
| 题名: |
青少年女子长跑运动员基础训练阶段研究
|
|
| 作者: | 骆学锋 著 | |
| 分册: | ||
| 出版信息: | 北京 中国书籍出版社 2021.1 |
|
| 页数: | 212页 | |
| 开本: | 24cm | |
| 丛书名: | ||
| 单 册: | ||
| 中图分类: | G822.32 | |
| 科图分类: | ||
| 主题词: | 女性--青少年--长跑--运动训练--研究 | |
| 电子资源: | ||
| ISBN: | 978-7-5068-7560-8 | |
| 000 | 01308nam0 2200253 45 | |
| 001 | 489857 | |
| 005 | 20140818183345.0 | |
| 010 | @a978-7-5068-7560-8@dCNY72.00 | |
| 100 | @a20210302d2021 em y0chiy0110 ea | |
| 101 | 0 | @achi |
| 102 | @aCN@b110000 | |
| 105 | @aak az 000yy | |
| 106 | @ar | |
| 200 | 1 | @a青少年女子长跑运动员基础训练阶段研究@Aqing shao nian nu zi chang pao yun dong yuan ji chu xun lian jie duan yan jiu@f骆学锋著 |
| 210 | @a北京@c中国书籍出版社@d2021.1 | |
| 215 | @a212页@c图@d24cm | |
| 300 | @a高校学术研究论著丛刊 艺术体育 | |
| 320 | @a有书目(第182-193页) | |
| 330 | @a全书采用问卷调查法、个案研究法、实证研究法对青少年女子长跑运动员基础训练阶段进行研究。对女子长跑青少年项目后备人才一般情况,以及国内外训练和竞赛体制进行比较调查研究,对我国长跑青少年运动员执教教练员的数量、结构和梯队等特征进行调查研究。通过问卷,对我国女子长跑青少年运动员训练进行调查分析。通过实证,对女子长跑青少年运动员的训练方法和负荷进行研究,对周训练课结构、周训练方法、周训练负荷、训练课准备活动和整理活动、协调能力进行测试调研分析。本书可以为全面落实奥运金牌战略和促进我国女子长跑项目科学化和可持续发展提供重要理论依据。 | |
| 606 | 0 | @a女性@x青少年@x长跑@x运动训练@x研究 |
| 690 | @aG822.32@v5 | |
| 701 | 0 | @a骆学锋@Aluo xue feng@4著 |
| 801 | @aCN@b江苏凤凰@c20211018 | |
| 905 | @b1356651-4@dG822.32@e195@f4 | |
| 青少年女子长跑运动员基础训练阶段研究/骆学锋著.-北京:中国书籍出版社,2021.1 |
| 212页:图;24cm |
| 高校学术研究论著丛刊 艺术体育 |
| ISBN 978-7-5068-7560-8:CNY72.00 |
| 全书采用问卷调查法、个案研究法、实证研究法对青少年女子长跑运动员基础训练阶段进行研究。对女子长跑青少年项目后备人才一般情况,以及国内外训练和竞赛体制进行比较调查研究,对我国长跑青少年运动员执教教练员的数量、结构和梯队等特征进行调查研究。通过问卷,对我国女子长跑青少年运动员训练进行调查分析。通过实证,对女子长跑青少年运动员的训练方法和负荷进行研究,对周训练课结构、周训练方法、周训练负荷、训练课准备活动和整理活动、协调能力进行测试调研分析。本书可以为全面落实奥运金牌战略和促进我国女子长跑项目科学化和可持续发展提供重要理论依据。 |
| ● |
| 相关链接 |
|
|
|
|
正题名:青少年女子长跑运动员基础训练阶段研究
索取号:G822.32/195
 
预约/预借
| 序号 | 登录号 | 条形码 | 馆藏地/架位号 | 状态 | 备注 |
| 1 | 1356651 | 213566513 | 第一样本阅览室/ [索取号:G822.32/195] | 在馆 | |
| 2 | 1356652 | 213566522 | 第四借阅区/ [索取号:G822.32/195] | 在馆 | |
| 3 | 1356653 | 213566531 | 第四借阅区/ [索取号:G822.32/195] | 在馆 | |
| 4 | 1356654 | 213566540 | 第四借阅区/ [索取号:G822.32/195] | 在馆 |